Lectures on the action of a finite group

Guardat en:
Dades bibliogràfiques
Autor principal: Conner, Pierre E (Autor)
Format: Llibre
Idioma:anglès
Publicat: Berlín Springer-Verlag 1968
Col·lecció:Lecture Notes in Mathematics, 73
Matèries:
Etiquetes: Afegir etiqueta
Sense etiquetes, Sigues el primer a etiquetar aquest registre!

MARC

LEADER 00000nam a2200000 a 4500
001 UCQ9236
003 CL-VaPUC
008 981230e19680000GW |||||||||||||||||eng|d
082 0 4 |a 512.2  |b CON  |2 21 
100 0 |a Conner, Pierre E  |e author  |9 423720 
245 1 0 |a Lectures on the action of a finite group 
300 |a 122 p 
942 |c BK 
945 |d 19981230 00:00:00  |a crobeson 
260 |a Berlín  |b Springer-Verlag  |c 1968 
650 0 |a Grupos finitos  |9 270201 
650 0 |a Teoría de grupos   |9 270028 
583 |a last modification  |c 19981230 00:00:00  |k Rodrigo Vera 
490 0 |a Lecture Notes in Mathematics, 73 
999 |c 278316  |d 278314 
952 |0 0  |1 0  |4 0  |6 512_200000000000000_CON_1968  |7 0  |8 A  |9 316802  |a BIBMAT  |b BIBMAT  |d 2019-11-20  |i 1313754  |o 512.2 CON 1968  |p 1313754  |r 2025-01-07  |w 2019-11-20  |y BK  |k MAT 
952 |0 0  |1 0  |4 0  |6 512_200000000000000_CON_1968  |7 0  |8 A  |9 316803  |a BIBMAT  |b BIBMAT  |d 2019-11-20  |i 1313762  |o 512.2 CON 1968  |p 1313762  |r 2025-01-07  |w 2019-11-20  |y BK  |k MAT